| 000 | 00635nam a2200193Ia 4500 | ||
|---|---|---|---|
| 003 | GCL | ||
| 008 | 140319s9999 xx 000 0 ara d | ||
| 040 |
_aGCL / _cGCL |
||
| 082 | 0 | 4 |
_a251.12 _bم س |
| 100 | 1 | _aمحمد عبدالسلام خضر الشقيرى | |
| 245 | 1 | 0 |
_aالسند والمبتدعات: المتعلقة بالاذكار والصلوات / _cمحمد عبدالسلام خضر الشقيرى |
| 260 |
_a[S.N] : _bدار الجيل ، _c1988 |
||
| 300 | _a439 ص | ||
| 490 | _a | ||
| 650 | 0 | 4 | _aالصلاة |
| 650 | 0 | 4 | _aاختام السنة |
| 650 | 0 | 4 | _aالخرافات الدينية |
| 942 |
_2ddc _cBK |
||
| 999 |
_c54008 _d54008 |
||